[Event "e2e4 Dublin Easter Masters"]
[Site "Dublin IRL"]
[Date "2012.04.07"]
[Round "4"]
[White "Redmond, John P."]
[Black "Rawell, Jon Egil"]
[Result "1-0"]
[WhiteElo "2246"]
[BlackElo "2035"]
[WhiteFideId "2500051"]
[BlackFideId "1510223"]
[EventDate "2012.04.05"]

1. c4 Nf6 2. Nc3 e6 3. e4 d6 4. g3 Be7 5. Bg2 Nc6 6. Nge2 O-O 7. O-O Ne5 8. d3
h6 9. f4 Ned7 10. h3 a6 11. Be3 Re8 12. Qd2 Bf8 13. Rad1 c5 14. g4 Rb8 15. a4 b6
16. g5 hxg5 17. fxg5 Nh7 18. Rf3 Ne5 19. Rg3 g6 20. h4 Bg7 21. Rf1 Bb7 22. Nf4
Bc6 23. Qe2 Rb7 24. Nh3 Nf8 25. Nf2 Nfd7 26. Bh3 Qb8 27. Bc1 b5 28. axb5 axb5
29. cxb5 Bxb5 30. Nxb5 Rxb5 31. h5 gxh5 32. Qxh5 Nf8 33. Ng4 Nfg6 34. Nh6+ Bxh6
35. gxh6 Rb7 36. h7+ Kh8 37. Bg5 Nd7 38. Rxf7 Nge5 39. Bh6 1-0

[Event "e2e4 Dublin Easter Masters"]
[Site "Dublin IRL"]
[Date "2012.04.07"]
[Round "4"]
[White "Goossens, Hanne"]
[Black "Bjerke, Silje"]
[Result "1/2-1/2"]
[BlackTitle "WIM"]
[WhiteElo "2032"]
[BlackElo "2238"]
[WhiteFideId "200468"]
[BlackFideId "1502786"]
[EventDate "2012.04.05"]

1. e4 e5 2. Nc3 Nf6 3. g3 d5 4. exd5 Nxd5 5. Bg2 Nxc3 6. bxc3 Bd6 7. Nf3 Nc6 8.
Rb1 O-O 9. O-O Rb8 10. Re1 h6 11. Nh4 Bd7 12. d4 Qf6 13. dxe5 Nxe5 14. Rxb7 g5
15. Rxb8 Rxb8 16. f4 Bc5+ 17. Kh1 Ng4 18. Qxd7 Nf2+ 19. Kg1 Nd3+ 20. Be3 Nxe1
21. Bxc5 gxh4 22. Bxa7 Rd8 23. Qxc7 Nxg2 24. Bd4 Rxd4 25. cxd4 Ne1 26. Qc8+ Kh7
27. Qc3 Qxd4+ 28. Qxd4 Nf3+ 29. Kf2 Nxd4 30. c4 Kg6 31. g4 h5 32. gxh5+ Kxh5 33.
h3 Kg6 34. Ke3 Nc6 35. Ke4 Kf6 36. c5 Ke6 37. f5+ Kf6 38. a4 Nb4 39. Kd4 Ke7 40.
Kc4 Nc6 41. Kb5 Kd7 42. Kb6 Nb4 43. a5 f6 44. Kb7 Nc6 45. a6 Nd8+ 46. Kb6 Nc6
47. Kb7 1/2-1/2

[Event "e2e4 Dublin Easter Masters"]
[Site "Dublin IRL"]
[Date "2012.04.07"]
[Round "4"]
[White "Armstrong, Malcolm J"]
[Black "McMahon, Daire"]
[Result "0-1"]
[BlackTitle "FM"]
[WhiteElo "2026"]
[BlackElo "2212"]
[WhiteFideId "409049"]
[BlackFideId "2500477"]
[EventDate "2012.04.05"]

1. d4 Nf6 2. Nf3 e6 3. c4 b6 4. e3 Bb7 5. Bd3 Be7 6. O-O c5 7. Nbd2 cxd4 8. exd4
O-O 9. b3 d5 10. Bb2 Nbd7 11. Qe2 Re8 12. Rac1 dxc4 13. bxc4 Qc7 14. Ne5 Nxe5
15. dxe5 Nd7 16. Rfd1 Nc5 17. Bc2 Red8 18. Nf3 Rxd1+ 19. Rxd1 Rd8 20. Rxd8+ Qxd8
21. h3 h6 22. Bc3 Qd7 23. Nd2 Qc6 24. f3 Qd7 25. Ne4 Nxe4 26. Bxe4 Bxe4 27. Qxe4
Qd1+ 28. Kh2 Bc5 29. Be1 g6 30. f4 Qc1 31. Qa8+ Kh7 32. Qe4 Be3 33. f5 Qxe1 34.
fxg6+ Kg7 35. Qf3 Bg1+ 0-1

[Event "e2e4 Dublin Easter Masters"]
[Site "Dublin IRL"]
[Date "2012.04.07"]
[Round "4"]
[White "Keogh, Eamon"]
[Black "Madynski, Pawel"]
[Result "1-0"]
[WhiteElo "2002"]
[BlackElo "2128"]
[WhiteFideId "2500264"]
[BlackFideId "1108751"]
[EventDate "2012.04.05"]

1. f4 e5 2. e4 exf4 3. Bc4 Nf6 4. Nc3 d6 5. d4 Qe7 6. Nf3 Nxe4 7. Nxe4 Qxe4+ 8.
Kf2 Be7 9. Re1 Qc6 10. Qd3 Qd7 11. Qe4 c6 12. d5 Kf8 13. Bxf4 f5 14. Qd3 c5 15.
Re6 Qd8 16. Qxf5+ Bf6 17. Rae1 Bxe6 18. Rxe6 h6 19. Rxd6 Qe7 20. Re6 Qd8 21. Ne5
Na6 22. Ng6+ Kg8 23. d6 1-0

[Event "e2e4 Dublin Easter Masters"]
[Site "Dublin IRL"]
[Date "2012.04.07"]
[Round "4"]
[White "Mihajlov, Svetoslav"]
[Black "Salomon, Johan"]
[Result "1/2-1/2"]
[WhiteElo "2093"]
[BlackElo "1996"]
[WhiteFideId "1507168"]
[BlackFideId "1509500"]
[EventDate "2012.04.05"]

1. c4 e5 2. Nc3 Nc6 3. g3 f5 4. Bg2 Nf6 5. d3 Bc5 6. e3 O-O 7. Nge2 Qe8 8. O-O
d6 9. d4 Bb6 10. Na4 e4 11. a3 a6 12. Nxb6 cxb6 13. Nc3 Kh8 14. Na4 b5 15. cxb5
axb5 16. Nb6 Ra6 17. Nxc8 Qxc8 18. Bd2 Qe6 19. Re1 Nd7 20. Bf1 Qd5 21. b3 Ra7
22. Qc2 Nb6 23. Reb1 Rc8 24. Qd1 Rca8 25. Qe2 Rxa3 26. Rxa3 Rxa3 27. Qxb5 Qxb5
28. Bxb5 d5 29. b4 Ra8 30. Rc1 Rc8 31. Rc5 Na7 32. Be2 Kg8 33. b5 Rxc5 34. dxc5
Nc4 35. c6 b6 36. Bxc4 dxc4 37. c7 Kf7 38. Bc3 g6 39. Bd4 Nc8 40. Kf1 Ke6 41.
Ke2 Kd7 42. Kd2 Nd6 43. Bxb6 Nxb5 44. Ba5 Kc8 1/2-1/2

[Event "e2e4 Dublin Easter Masters"]
[Site "Dublin IRL"]
[Date "2012.04.07"]
[Round "4"]
[White "Hauge, Lars Oskar"]
[Black "Jackson, Carl"]
[Result "1-0"]
[WhiteElo "2087"]
[BlackElo "1982"]
[WhiteFideId "1509276"]
[BlackFideId "2502585"]
[EventDate "2012.04.05"]

1. e4 c5 2. Nf3 Nc6 3. d4 cxd4 4. Nxd4 Nf6 5. Nc3 e5 6. Ndb5 d6 7. Bg5 a6 8. Na3
b5 9. Bxf6 gxf6 10. Nd5 f5 11. c3 fxe4 12. Bxb5 axb5 13. Nxb5 Ra7 14. Nxa7 Nxa7
15. Qa4+ Bd7 16. Qxa7 Bh6 17. O-O Rg8 18. g3 f5 19. Qc7 Qxc7 20. Nxc7+ Kf7 21.
a4 Bc6 22. c4 e3 23. Nd5 exf2+ 24. Kxf2 Ke6 25. Rfd1 Rg4 26. b3 e4 27. a5 f4 28.
a6 Ke5 29. a7 Rg8 30. Ra5 f3 31. Ne7+ Ke6 32. Nxc6 e3+ 33. Kxf3 Rf8+ 34. Kg4 1-0

[Event "e2e4 Dublin Easter Masters"]
[Site "Dublin IRL"]
[Date "2012.04.07"]
[Round "4"]
[White "Magee, Ronan"]
[Black "Alfredsen, John Rune"]
[Result "1/2-1/2"]
[WhiteElo "1948"]
[BlackElo "2077"]
[WhiteFideId "2503000"]
[BlackFideId "1507184"]
[EventDate "2012.04.05"]

1. e4 e5 2. Nf3 Nc6 3. Bb5 a6 4. Ba4 Nf6 5. O-O Be7 6. Re1 b5 7. Bb3 d6 8. c3
O-O 9. h3 Nb8 10. d4 Nbd7 11. Bg5 Bb7 12. Nbd2 Re8 13. a4 Bf8 14. Qe2 c6 15. Qd3
h6 16. Bh4 Qb6 17. axb5 axb5 18. Rxa8 Bxa8 19. Bg3 c5 20. dxe5 Nxe5 21. Nxe5
dxe5 22. c4 b4 23. Nf1 Nh5 24. Bh2 Nf4 25. Bxf4 exf4 26. Bc2 g6 27. Nh2 Bg7 28.
b3 Bc3 29. Re2 Rd8 30. Qf3 Qd6 31. Qg4 h5 32. Qg5 Re8 33. Nf3 1/2-1/2

[Event "e2e4 Dublin Easter Masters"]
[Site "Dublin IRL"]
[Date "2012.04.07"]
[Round "4"]
[White "Carlile, Orison"]
[Black "Djuric, Olgica"]
[Result "1/2-1/2"]
[WhiteElo "2048"]
[BlackElo "1851"]
[WhiteFideId "2504120"]
[BlackFideId "943860"]
[EventDate "2012.04.05"]

1. e4 c5 2. Nc3 Nc6 3. f4 g6 4. Nf3 d6 5. Bb5 Bd7 6. Bxc6 Bxc6 7. d3 b5 8. O-O
b4 9. Ne2 e6 10. Qe1 Bg7 11. f5 gxf5 12. Qg3 Bf6 13. Bg5 fxe4 14. Bxf6 Nxf6 15.
Ne1 exd3 16. cxd3 Rf8 17. Rc1 Nd5 18. Rc4 h5 19. Qf3 Rc8 20. Nf4 Nxf4 21. Qxf4
Bd5 22. Rc1 e5 23. Qh6 Kd7 24. Qxh5 Rh8 25. Qg4+ Kc6 26. Qxb4 Qg5 27. Qa4+ Kb7
28. Rc2 Qe7 29. Rcf2 Rh4 1/2-1/2

[Event "e2e4 Dublin Easter Masters"]
[Site "Dublin IRL"]
[Date "2012.04.07"]
[Round "4"]
[White "Roneid, Heidi"]
[Black "Salter, David"]
[Result "1/2-1/2"]
[WhiteElo "1689"]
[BlackElo "1897"]
[WhiteFideId "1514431"]
[BlackFideId "2501988"]
[EventDate "2012.04.05"]

1. e4 e6 2. d4 d5 3. e5 c5 4. c3 Nc6 5. Nf3 Bd7 6. Bd3 Qb6 7. Be2 cxd4 8. cxd4
Nge7 9. Nc3 Nf5 10. Na4 Qa5+ 11. Nc3 Bb4 12. Qd3 Qb6 13. a3 Bxc3+ 14. bxc3 Na5
15. Rb1 Qc7 16. O-O Rc8 17. Bb2 a6 18. Qc2 Nc4 19. Rfc1 Qa5 20. Bxc4 dxc4 21.
Qd2 Ba4 22. Qf4 O-O 23. g4 Ne7 24. Ng5 Qd5 25. Qe4 Qxe4 26. Nxe4 b5 27. Nc5 a5
28. Ba1 Rxc5 29. dxc5 Rc8 30. Rc2 Rxc5 31. Rd2 Rd5 32. Rxd5 Nxd5 33. Kf1 Nf4 34.
Re1 Bc2 35. f3 Kf8 36. Re3 Ke7 37. Bb2 Bd3+ 38. Kf2 Kd7 39. Bc1 Nd5 40. Bd2 Nxe3
41. Kxe3 Kc6 42. Kd4 Be2 43. Ke4 Bd1 1/2-1/2

[Event "e2e4 Dublin Easter Masters"]
[Site "Dublin IRL"]
[Date "2012.04.07"]
[Round "4"]
[White "Grebstad, Kjell Borre"]
[Black "Kalaiyalahan, Akshaya"]
[Result "1/2-1/2"]
[WhiteElo "1987"]
[BlackElo "1640"]
[WhiteFideId "1509640"]
[BlackFideId "422894"]
[EventDate "2012.04.05"]

1. d4 Nf6 2. c4 g6 3. Nc3 Bg7 4. e4 d6 5. f4 O-O 6. Nf3 c5 7. d5 e6 8. Be2 exd5
9. cxd5 Re8 10. Nd2 a6 11. a4 Nbd7 12. O-O Rb8 13. Qc2 Qa5 14. Nc4 Qc7 15. e5
dxe5 16. d6 Qd8 17. fxe5 Nxe5 18. Nxe5 Rxe5 19. Bf4 Bf5 20. Bd3 Bxd3 21. Qxd3
Re6 22. d7 Ra8 23. Nd5 Nxd5 24. Qxd5 Bd4+ 25. Kh1 Re7 26. Qxb7 Rxd7 27. Qc6 Bxb2
28. Rab1 Bd4 29. h3 Qc8 30. Qf3 Qf8 31. Qc6 Rdd8 32. Rb7 Qe8 33. Qf3 Qxa4 34.
Bh6 Qe8 35. Rxf7 a5 36. Qb7 Rdb8 37. Qd5 Kh8 38. Rf8+ Qxf8 39. Bxf8 Rxf8 40.
Rxf8+ Rxf8 41. Kh2 Kg7 42. h4 Rf5 43. Qc4 Kf8 44. g3 Kg7 45. Qa4 Bc3 46. Qd7+
Rf7 47. Qb5 Bb4 48. g4 Kg8 49. Qe8+ Kg7 50. Qe5+ Kg8 1/2-1/2

[Event "e2e4 Dublin Easter Masters"]
[Site "Dublin IRL"]
[Date "2012.04.07"]
[Round "4"]
[White "Puroila, Sippo"]
[Black "Loughran, John"]
[Result "1-0"]
[WhiteElo "1886"]
[BlackElo "1899"]
[WhiteFideId "504572"]
[BlackFideId "2501562"]
[EventDate "2012.04.05"]

1. Nf3 Nf6 2. d4 g6 3. c4 Bg7 4. Nc3 d6 5. e4 O-O 6. Be2 e5 7. dxe5 dxe5 8. Bg5
Qe8 9. O-O Nc6 10. Re1 Be6 11. Nd5 Bxd5 12. exd5 Nb8 13. Qc2 Nbd7 14. Rad1 a5
15. Bf1 h6 16. Bd2 Qe7 17. a3 Rfe8 18. Bc3 Nh7 19. b4 f5 20. Nd4 Ng5 21. Nb5 Nf8
22. c5 Ne4 23. Bc4 Kh7 24. Rxe4 fxe4 25. Qxe4 axb4 26. axb4 Rad8 27. d6 cxd6 28.
Nxd6 Qg5 29. Bd2 Qe7 30. Be3 Ne6 31. Bd3 Qf6 32. Nxe8 Rxe8 33. Qxb7 Nf4 34. Be4
Ne2+ 35. Kf1 Re7 36. Rd7 Rxd7 37. Qxd7 Ng3+ 38. hxg3 Qa6+ 39. Qd3 Qa1+ 40. Qb1
Qc3 41. b5 1-0

[Event "e2e4 Dublin Easter Masters"]
[Site "Dublin IRL"]
[Date "2012.04.07"]
[Round "5"]
[White "Gormally, Daniel W"]
[Black "Kvisvik, Brede"]
[Result "0-1"]
[WhiteTitle "GM"]
[BlackTitle "FM"]
[WhiteElo "2520"]
[BlackElo "2304"]
[WhiteFideId "406465"]
[BlackFideId "1502999"]
[EventDate "2012.04.05"]

1. e4 c5 2. Nc3 g6 3. f4 Bg7 4. Nf3 Nc6 5. Bb5 d6 6. Bxc6+ bxc6 7. O-O Nf6 8. d3
O-O 9. Qe1 c4 10. dxc4 Ba6 11. b3 Nxe4 12. Nxe4 Bxa1 13. c3 Qa5 14. Bd2 Bb2 15.
f5 Qxf5 16. Nfg5 Qe5 17. Bf4 Qg7 18. Be3 Bc8 19. Bd4 f6 20. Nf3 c5 21. Bf2 f5
22. Neg5 Bxc3 23. Qd1 Rb8 24. Qd5+ Kh8 25. Rc1 Bf6 26. Re1 h6 27. Ne6 Bxe6 28.
Rxe6 a5 29. h4 a4 30. bxa4 Rb1+ 31. Be1 Rb2 32. a5 Rxa2 33. Kh2 g5 0-1

[Event "e2e4 Dublin Easter Masters"]
[Site "Dublin IRL"]
[Date "2012.04.07"]
[Round "5"]
[White "Csonka, Attila Istvan"]
[Black "Hebden, Mark L"]
[Result "0-1"]
[WhiteTitle "IM"]
[BlackTitle "GM"]
[WhiteElo "2384"]
[BlackElo "2514"]
[WhiteFideId "716529"]
[BlackFideId "400084"]
[EventDate "2012.04.05"]

1. e4 e5 2. Nf3 Nc6 3. Bc4 Nf6 4. d3 Be7 5. O-O O-O 6. Re1 d6 7. c3 Na5 8. Bb5
a6 9. Ba4 b5 10. Bc2 c5 11. Nbd2 Re8 12. Nf1 Rb8 13. d4 cxd4 14. cxd4 Nc6 15. h3
exd4 16. Nxd4 Nxd4 17. Qxd4 Be6 18. Bf4 Rc8 19. Bb3 d5 20. exd5 Bc5 21. dxe6
Qxd4 22. exf7+ Kf8 23. fxe8=Q+ Rxe8 24. Be3 Qe5 25. Bxc5+ Qxc5 26. Rac1 Qb4 27.
Red1 a5 28. Rc3 a4 29. a3 Qf4 30. g3 Qf5 31. Bc2 Qxh3 32. Ne3 Re5 33. Rd8+ Ke7
34. Rd4 g6 35. Bd1 Kf8 36. Bf3 Re7 37. Rf4 Kg7 38. Rxf6 Kxf6 39. Nd5+ Kf7 40.
Nxe7 Kxe7 41. Rc7+ Kd8 42. Rc5 b4 43. axb4 Qe6 44. Rc3 Qb6 45. Rc4 Qf6 46. Rc3
Qd4 47. Kg2 Qxb4 48. Ra3 g5 49. Bd1 Qe4+ 50. Bf3 Qc2 51. Ra1 Kc7 52. Bd1 Qe4+
53. Bf3 Qb4 54. Bd1 Qe1 55. g4 Kd6 56. Kf3 Ke5 57. Kg3 a3 58. Rxa3 Qg1+ 59. Kh3
Qxd1 60. Ra5+ Ke4 61. Rxg5 Qf3+ 62. Kh4 Qxf2+ 63. Kh3 Qxb2 64. Rf5 h6 65. Kg3
Qc3+ 66. Kh4 Qe3 67. Rh5 Kf3 0-1

[Event "e2e4 Dublin Easter Masters"]
[Site "Dublin IRL"]
[Date "2012.04.07"]
[Round "5"]
[White "Williams, Simon K"]
[Black "Quinn, Mark"]
[Result "1-0"]
[WhiteTitle "GM"]
[BlackTitle "IM"]
[WhiteElo "2506"]
[BlackElo "2398"]
[WhiteFideId "404454"]
[BlackFideId "2500450"]
[EventDate "2012.04.05"]

1. d4 Nf6 2. c4 e6 3. Nc3 Bb4 4. Nf3 b6 5. Bg5 h6 6. Bh4 Bb7 7. Nd2 Nc6 8. e3
Be7 9. f3 e5 10. Bxf6 Bxf6 11. d5 Ne7 12. Nde4 Nf5 13. Qd3 Bg5 14. Nd1 Nh4 15.
f4 exf4 16. exf4 Bf6 17. g3 Ng6 18. h4 h5 19. Bg2 d6 20. O-O Bc8 21. Ng5 Bxg5
22. hxg5 h4 23. Be4 hxg3 24. Bxg6 fxg6 25. Qxg6+ Kf8 26. Ne3 Bh3 27. Rf3 Qe8 28.
Qxe8+ Rxe8 29. Rxg3 Re4 30. Rf3 Rh4 31. f5 Rh5 32. g6 Bg4 33. Rg3 Be2 34. b3 Rf4
35. Ng2 Rfxf5 36. Re3 Re5 37. Rxe5 dxe5 38. Kf2 Bd3 39. Re1 Bxg6 40. c5 Ke7 41.
b4 Kd7 42. Kf3 e4+ 43. Ke3 Rxd5 44. Nf4 Rg5 45. cxb6 cxb6 46. Rd1+ Kc6 47. a4
Rg3+ 48. Kd4 Bh7 49. Rh1 Bf5 50. Ke5 g6 51. Nd5 Rh3 52. Rc1+ Kb7 53. Rc7+ Kb8
54. Re7 Rh8 55. b5 Rd8 56. Nb4 Rd7 57. Re8+ 1-0

[Event "e2e4 Dublin Easter Masters"]
[Site "Dublin IRL"]
[Date "2012.04.07"]
[Round "5"]
[White "Valeanu, Eduard-Andrei"]
[Black "Gourlay, Iain"]
[Result "1-0"]
[BlackTitle "FM"]
[WhiteElo "2461"]
[BlackElo "2351"]
[WhiteFideId "1212168"]
[BlackFideId "2401533"]
[EventDate "2012.04.05"]

1. e4 c5 2. Nf3 e6 3. d4 cxd4 4. Nxd4 Nc6 5. Nc3 Qc7 6. Be3 a6 7. Qd2 Nf6 8.
O-O-O Bb4 9. f3 O-O 10. g4 b5 11. g5 Ne8 12. Nxc6 Qxc6 13. h4 f5 14. gxf6 Nxf6
15. Qd4 Bxc3 16. bxc3 d5 17. Rg1 dxe4 18. Bh6 e5 19. Rxg7+ Kh8 20. Qxe5 Qe6 21.
Qg5 Qf5 22. Rxh7+ Qxh7 23. Bxf8 Qf7 24. Qh6+ Kg8 25. Rd8 1-0

[Event "e2e4 Dublin Easter Masters"]
[Site "Dublin IRL"]
[Date "2012.04.07"]
[Round "5"]
[White "Astaneh Lopez, Alex"]
[Black "Brady, Stephen"]
[Result "1/2-1/2"]
[WhiteTitle "IM"]
[BlackTitle "FM"]
[WhiteElo "2400"]
[BlackElo "2383"]
[WhiteFideId "2501430"]
[BlackFideId "2500124"]
[EventDate "2012.04.05"]

1. e4 d5 2. exd5 Qxd5 3. Nc3 Qd6 4. Nf3 Nf6 5. Be2 a6 6. O-O Nc6 7. d3 Bg4 8. h3
Bf5 9. Re1 h6 10. Nd2 e6 11. Nde4 Nxe4 12. Nxe4 Bxe4 13. dxe4 O-O-O 14. Qxd6
Bxd6 15. Be3 Bb4 16. Red1 Rxd1+ 17. Bxd1 Rd8 18. c3 Ba5 19. Bh5 Rd7 20. Rd1
Rxd1+ 21. Bxd1 Bb6 22. Bd2 Kd7 23. Kf1 f6 24. Ke2 Ne5 25. Bb3 Ke7 26. f4 Nd7 27.
Bc2 c6 28. g4 g5 29. f5 e5 30. b4 Bg1 31. a4 b5 32. Bb3 Nb6 33. a5 Nc4 34. Bc1
Kd7 35. Kd3 Nd6 36. Be6+ Kc7 37. Bd2 Bf2 38. c4 Bd4 39. c5 Nb7 40. Bf7 Nd8 41.
Be8 Bf2 42. Ke2 Bd4 43. Be1 Bg1 44. Bg3 Bd4 45. Kd3 Kc8 46. h4 Kc7 47. Be1 Bg1
48. hxg5 1/2-1/2

[Event "e2e4 Dublin Easter Masters"]
[Site "Dublin IRL"]
[Date "2012.04.07"]
[Round "5"]
[White "Bae, Torstein"]
[Black "Walton, Alan J"]
[Result "1-0"]
[WhiteTitle "IM"]
[BlackTitle "CM"]
[WhiteElo "2413"]
[BlackElo "2159"]
[WhiteFideId "1501887"]
[BlackFideId "409898"]
[EventDate "2012.04.05"]

1. d4 d5 2. c4 c6 3. Nf3 Nf6 4. e3 e6 5. Bd3 Bd6 6. O-O O-O 7. Nbd2 Nbd7 8. e4
dxe4 9. Nxe4 Nxe4 10. Bxe4 Nf6 11. Bc2 c5 12. dxc5 Bxc5 13. Qe2 h6 14. Ne5 Qe7
15. Bd2 Bd4 16. Rab1 Rd8 17. Nf3 Bb6 18. Bc3 Bd7 19. b4 Bc6 20. Ne5 Bd4 21. Nxc6
bxc6 22. Bd2 Qc7 23. Rfd1 Rd7 24. h3 Rad8 25. a4 g5 26. Qf3 Kg7 27. Be3 Bxe3 28.
Qxe3 Rxd1+ 29. Bxd1 a5 30. Bf3 Rb8 31. b5 cxb5 32. cxb5 Qc2 33. Rb3 Qa2 34. b6
Qxa4 35. b7 Qe8 36. Qe5 Kg6 37. Qxa5 Nd5 38. Bxd5 exd5 39. Qxd5 Qe1+ 40. Kh2 Qe7
41. g3 Qc7 42. Qe4+ Kg7 43. Qd4+ Kg8 44. Qb6 Qc2 45. Rb2 Qc3 46. Kg2 Qe5 47. Rb5
Qe4+ 48. Kh2 Qf3 49. Qe3 Qc6 50. Rb6 Qd5 51. Rxh6 Kg7 52. Rb6 1-0

[Event "e2e4 Dublin Easter Masters"]
[Site "Dublin IRL"]
[Date "2012.04.07"]
[Round "5"]
[White "Sowray, Peter J"]
[Black "Freeman, Gordon"]
[Result "1-0"]
[WhiteTitle "FM"]
[WhiteElo "2375"]
[BlackElo "2157"]
[WhiteFideId "400971"]
[BlackFideId "2501309"]
[EventDate "2012.04.05"]

1. e4 g6 2. d4 Bg7 3. Nc3 c6 4. f4 d5 5. e5 h5 6. Nf3 Bg4 7. Be3 Nh6 8. h3 Nf5
9. Bf2 Bxf3 10. Qxf3 h4 11. Bd3 e6 12. O-O Nd7 13. Ne2 Bf8 14. Kh2 Be7 15. b3 c5
16. c4 dxc4 17. Bxc4 cxd4 18. Qxb7 O-O 19. Rad1 Nc5 20. Qf3 Qa5 21. Nxd4 Nxd4
22. Rxd4 Rad8 23. a4 Rxd4 24. Bxd4 Rd8 25. Bf2 Qd2 26. Qg4 Qc2 27. Bxc5 Bxc5 28.
f5 Rd4 29. Qg5 Rxc4 30. fxg6 Qxg6 31. Qxg6+ fxg6 32. bxc4 Bd4 33. Re1 Kf7 34. g4
g5 35. Kg2 Ke7 36. Kf3 Bc3 37. Re3 Bd4 38. Re2 Bc3 39. Ke4 Kd7 40. Rf2 a5 41.
Rf6 Bd2 42. Rg6 Bf4 43. Kd4 Ke7 44. Rg7+ Kd8 45. c5 Ke8 46. c6 Kd8 47. Ra7 Bd2
48. Rd7+ Kc8 49. Kc5 Be3+ 50. Kd6 1-0

[Event "e2e4 Dublin Easter Masters"]
[Site "Dublin IRL"]
[Date "2012.04.07"]
[Round "5"]
[White "McMahon, Daire"]
[Black "Rudd, Jack"]
[Result "0-1"]
[WhiteTitle "FM"]
[BlackTitle "IM"]
[WhiteElo "2212"]
[BlackElo "2303"]
[WhiteFideId "2500477"]
[BlackFideId "405736"]
[EventDate "2012.04.05"]

1. d4 Nf6 2. c4 e6 3. Nf3 c5 4. d5 b5 5. dxe6 fxe6 6. cxb5 d5 7. e3 Bb7 8. Be2
Bd6 9. a4 O-O 10. a5 a6 11. Nc3 e5 12. Nd2 d4 13. Na4 axb5 14. Bxb5 Rxa5 15.
Bc4+ Kh8 16. Nb3 Ra7 17. Bd2 Ne4 18. O-O Bc6 19. f3 Nxd2 20. Nxd2 Qg5 21. Re1 e4
22. f4 Qg6 23. Nf1 dxe3 24. Nxe3 Bxf4 25. Nd5 Be5 26. Rf1 Rxf1+ 27. Qxf1 Rf7 28.
Qe1 Bd4+ 29. Kh1 Rf2 30. Ne3 Bxe3 0-1

[Event "e2e4 Dublin Easter Masters"]
[Site "Dublin IRL"]
[Date "2012.04.07"]
[Round "5"]
[White "Eggleston, David J"]
[Black "Redmond, John P."]
[Result "1-0"]
[WhiteTitle "FM"]
[WhiteElo "2327"]
[BlackElo "2246"]
[WhiteFideId "412120"]
[BlackFideId "2500051"]
[EventDate "2012.04.05"]

1. e4 e6 2. d4 d5 3. Nc3 Bb4 4. e5 Qd7 5. a3 Bxc3+ 6. bxc3 b6 7. Qg4 f5 8. Qg3
Ba6 9. Bxa6 Nxa6 10. Ne2 Kf7 11. a4 Ne7 12. h4 c5 13. h5 h6 14. Nf4 Rac8 15. O-O
Rhe8 16. Qd3 Nb8 17. Ba3 Qc6 18. Qg3 Nd7 19. Rfd1 cxd4 20. cxd4 Nf8 21. a5 bxa5
22. Bc5 Nd7 23. Rxa5 Nxc5 24. Rxc5 Qb6 25. c4 dxc4 26. Rxc8 Rxc8 27. d5 exd5 28.
Nxd5 Nxd5 29. Rxd5 Qe6 30. Rd6 Qe7 31. Qg6+ Kg8 32. Qxf5 Qf8 33. Qe6+ Kh8 34.
Rc6 Rb8 35. Qxc4 Qf5 36. f4 Rb1+ 37. Kf2 Rb2+ 38. Kg3 Kh7 39. Rc5 Rxg2+ 40. Kxg2
Qg4+ 41. Kf2 Qh4+ 42. Ke3 Qg3+ 43. Ke4 Qg2+ 44. Kd4 Qf2+ 45. Kd5 1-0

[Event "e2e4 Dublin Easter Masters"]
[Site "Dublin IRL"]
[Date "2012.04.07"]
[Round "5"]
[White "Longson, Alexander"]
[Black "Hauge, Lars Oskar"]
[Result "1-0"]
[WhiteElo "2267"]
[BlackElo "2087"]
[WhiteFideId "408093"]
[BlackFideId "1509276"]
[EventDate "2012.04.05"]

1. e4 c5 2. Nf3 e6 3. b3 b6 4. Bb2 Bb7 5. e5 d5 6. exd6 Nf6 7. Na3 a6 8. Nc4 b5
9. Nce5 Bxd6 10. a4 b4 11. Nc4 Be7 12. g3 O-O 13. Bg2 Nc6 14. O-O Qc7 15. Qe2
Rad8 16. Rad1 Nd4 17. Bxd4 cxd4 18. Nfe5 Bxg2 19. Kxg2 Rfe8 20. f4 Nd5 21. Rde1
Bf8 22. Qf3 g6 23. Re4 Nb6 24. Nxb6 Qxb6 25. d3 Qc5 26. Nc4 Rd5 27. Rfe1 Bg7 28.
R4e2 Rc8 29. Rf1 Rcd8 30. Qe4 Rc8 31. Kf2 Re8 32. Ke1 f5 33. Qf3 e5 34. fxe5
Bxe5 35. Kd1 Rf8 36. Rfe1 Bg7 37. Re6 Rd7 38. Rxa6 Re7 39. Rxe7 Qxe7 40. Qd5+
Kh8 41. Re6 Qg5 42. Re2 h5 43. a5 Rd8 44. Qc6 f4 45. a6 f3 46. Qxf3 Bh6 47. Qf4
Qxf4 48. gxf4 Ra8 49. Re6 Bxf4 50. h3 g5 51. Nd6 h4 52. Ke2 g4 53. hxg4 Kh7 54.
Kf3 1-0

[Event "e2e4 Dublin Easter Masters"]
[Site "Dublin IRL"]
[Date "2012.04.07"]
[Round "5"]
[White "Korhonen, Pasi"]
[Black "Firstov, Juri"]
[Result "1/2-1/2"]
[WhiteElo "2063"]
[BlackElo "2264"]
[WhiteFideId "502146"]
[BlackFideId "4501233"]
[EventDate "2012.04.05"]

1. e4 b6 2. d4 Bb7 3. Nc3 e6 4. Bd3 Bb4 5. Nf3 Nf6 6. Qe2 d5 7. exd5 Nxd5 8. Bd2
Nxc3 9. bxc3 Be7 10. O-O Nd7 11. a4 c5 12. Rfe1 O-O 13. Ne5 cxd4 14. cxd4 Nxe5
15. dxe5 Qd4 16. Qh5 g6 17. Qh3 Qh4 18. Qxh4 Bxh4 19. a5 1/2-1/2

[Event "e2e4 Dublin Easter Masters"]
[Site "Dublin IRL"]
[Date "2012.04.07"]
[Round "5"]
[White "Fitzsimons, David"]
[Black "Goossens, Hanne"]
[Result "1-0"]
[WhiteElo "2257"]
[BlackElo "2032"]
[WhiteFideId "2501961"]
[BlackFideId "200468"]
[EventDate "2012.04.05"]

1. e4 c5 2. Nc3 g6 3. d4 cxd4 4. Qxd4 Nf6 5. Nf3 d6 6. e5 Nc6 7. Bb5 dxe5 8.
Qxd8+ Kxd8 9. Bxc6 bxc6 10. Nxe5 Ke8 11. O-O Bb7 12. Na4 e6 13. Bg5 Ne4 14. Bf4
f6 15. Rfe1 c5 16. f3 g5 17. Bc1 fxe5 18. fxe4 Be7 19. b3 Bc6 20. Nb2 Rd8 21.
Nd3 Rd4 22. Nxe5 Rxe4 23. Bb2 Bb7 24. c4 Rf8 25. Rxe4 Bxe4 26. Re1 Bb7 27. Nd3
Kd7 28. Ba3 Rf5 29. g4 Rf6 30. Bxc5 a6 31. Bxe7 Kxe7 32. Nc5 Bc8 33. h3 Rf3 34.
Kg2 Rf4 35. Kg3 Rf8 36. a4 h6 37. a5 Kd6 38. Ne4+ Kc7 39. h4 gxh4+ 40. Kxh4 e5
41. Nc3 Rf3 42. Nd5+ Kd6 43. b4 Be6 44. Rd1 Kc6 45. Ne7+ Kc7 46. b5 axb5 47.
cxb5 e4 48. b6+ Kb7 49. Rd6 Bc4 50. Rd7+ 1-0